Anyone but Calvin Coolidge Quiz Stats

 Plays Quiz Updated Oct 1, 2019

Score 0/27 Timer 04:00
10 Plays Today
Hint Answer % Correct
Lived in Massachusetts When Running for PresidentJohn Adams
94.1%
Were Born in JulyJohn Quincy Adams
94%
Lived in Massachusetts When Running for PresidentJohn Quincy Adams
94%
Have a Surname that Contains a 'G'George Washington
91.7%
Were the Governor of a Former British Colony in the USFranklin Delano Roosevelt (New York)
90.9%
Were President During the 1920sHerbert Hoover
90.4%
Lived in Massachusetts When Running for PresidentJohn F. Kennedy
90.2%
Were the Governor of a Former British Colony in the USTheodore Roosevelt (New York)
90%
Were the Governor of a Former British Colony in the USWoodrow Wilson (New Jersey)
88.2%
Were President During the 1920sWoodrow Wilson
88.2%
Were Known by Their Middle Name(Thomas) Woodrow Wilson
88.2%
Were the Governor of a Former British Colony in the USThomas Jefferson (Virginia)
87.4%
Have a Surname that Contains a 'G'Ulysses S. Grant
87.4%
Were Known by Their Middle Name(Hiram) Ulysses S. Grant
87.4%
Hint Answer % Correct
Have a Surname that Contains a 'G'Warren G. Harding
87%
Were President During the 1920sWarren G. Harding
86.9%
Were Born in JulyGeorge W. Bush
84.2%
Have a Surname that Contains a 'G'Ronald Reagan
83.3%
Were the Governor of a Former British Colony in the USJames Monroe (Virginia)
80.4%
Were the Governor of a Former British Colony in the USJimmy Carter (Georgia)
78.7%
Have a Surname that Contains a 'G'James Garfield
75.5%
Were the Governor of a Former British Colony in the USMartin Van Buren (New York)
74.2%
Were Known by Their Middle Name(David) Dwight D. Eisenhower
73%
Were Born in JulyGerald Ford
71.8%
Were the Governor of a Former British Colony in the USJohn Tyler (Virginia)
70.9%
Were the Governor of a Former British Colony in the USGrover Cleveland (New York)
70.8%
Were Known by Their Middle Name(Stephen) Grover Cleveland
70.8%

You're not logged in!

Compare scores with friends on all Sporcle quizzes.
OR
Log In

Sporcle TV

Today on Sporcle TV


Watch our educational content, quiz creation guides, and fun videos on Sporcle TV.

Show Comments

Extras

Top Quizzes Today


Score Distribution

Your Account Isn't Verified!

In order to create a playlist on Sporcle, you need to verify the email address you used during registration. Go to your Sporcle Settings to finish the process.

Report this User

Report this user for behavior that violates our Community Guidelines.

Details: